| 000 | 00650nam a2200253Ia 4500 | ||
|---|---|---|---|
| 008 | 210210b2010 xxu||||| |||| 00| 0 eng d | ||
| 020 | _a8121935229 | ||
| 041 | _aeng | ||
| 082 | _a658.4038 KHAI | ||
| 100 | _aKHANDARE (S S) | ||
| 245 | _aInformation technology and strategic management: for CA-PCC/IPCC | ||
| 260 |
_aNew Delhi _bS. Chand & Co. Ltd. _c2010 |
||
| 300 | _axix-364 | ||
| 650 | _atechnology | ||
| 650 | _astrategic | ||
| 650 | _amanagement: | ||
| 650 | _aInformation | ||
| 650 | _afor | ||
| 650 | _aCA-PCC/IPCC | ||
| 650 | _aand | ||
| 690 | _aManagement Information System | ||
| 700 | _aSHEIKH (A M) | ||
| 906 | _a066131 | ||
| 999 |
_c146526 _d146526 |
||